[Event "GER-chT U14 Girls"]
[Site "Regensburg"]
[Date "2014.12.29"]
[Round "6.3"]
[White "Hallfarth, Freya"]
[Black "Hartmann, Katrin"]
[Result "1-0"]
[WhiteElo "1125"]
[BlackElo "1097"]
[PlyCount "107"]
[EventDate "2014.12.27"]
[EventType "team-swiss"]
[EventRounds "7"]
[EventCountry "GER"]
[SourceTitle "EXT 2016"]
[Source "ChessBase"]
[SourceDate "2015.10.08"]
[SourceVersion "1"]
[SourceVersionDate "2015.10.08"]
[SourceQuality "1"]
[WhiteTeam "Nordhorn Blanke"]
[BlackTeam "Riegelsberg"]
[WhiteTeamCountry "GER"]
[BlackTeamCountry "GER"]

1. c4 c5 2. Nc3 Nf6 3. g3 g6 4. Bg2 Bg7 5. e3 Nc6 6. Nge2 d6 7. a3 0-0 8. 0-0 Bd7 9. d4 cxd4 10. Nxd4 e5 11. Ndb5 Be6 12. Nxd6 Qd7 13. b3 Rfd8 14. Nde4 Nxe4 15. Bxe4 Qc8 16. Qc2 Bh3 17. Bg2 Rd6 18. Ne4 Bf5 19. Nxd6 Bxc2 20. Nxc8 e4 21. Ra2 Bxb3 22. Rd2 Bxc4 23. Rfd1 Rxc8 24. Bb2 Bb3 25. Rc1 Bxb2 26. Rxb2 Ne7 27. Rxc8+ Nxc8 28. Rxb3 b6 29. Bxe4 Nd6 30. Bd3 Kg7 31. e4 Kf6 32. f4 Ke6 33. Rc3 Kd7 34. e5 Nb7 35. Bb5+ Ke6 36. Rc7 Nc5 37. Rxa7 Ne4 38. Rb7 Nc3 39. Rxb6+ Kd5 40. a4 Kc5 41. Rb7 Nd5 42. Rxf7 Nc3 43. e6 Nd5 44. e7 Nxe7 45. Rxe7 Kb6 46. Re1 Ka5 47. g4 Kb6 48. f5 gxf5 49. gxf5 Ka5 50. f6 Kb6 51. f7 Ka5 52. f8Q Kb6 53. Rb1 Ka5 54. Qd8# 1-0

[Event "GER-chT U14 Girls"]
[Site "Regensburg"]
[Date "2014.12.28"]
[Round "4.3"]
[White "Hartmann, Katrin"]
[Black "Khamenya, Vitalia"]
[Result "0-1"]
[WhiteElo "1097"]
[BlackElo "1385"]
[PlyCount "78"]
[EventDate "2014.12.27"]
[EventType "team-swiss"]
[EventRounds "7"]
[EventCountry "GER"]
[SourceTitle "EXT 2016"]
[Source "ChessBase"]
[SourceDate "2015.10.08"]
[SourceVersion "1"]
[SourceVersionDate "2015.10.08"]
[SourceQuality "1"]
[WhiteTeam "Riegelsberg"]
[BlackTeam "Graefelfing"]
[WhiteTeamCountry "GER"]
[BlackTeamCountry "GER"]

1. e4 c5 2. Nf3 e6 3. Nc3 a6 4. Be2 Qc7 5. d3 Nc6 6. Be3 Nf6 7. Qd2 Be7 8. 0-0 b5 9. Rad1 Bb7 10. d4 b4 11. Na4 cxd4 12. Nxd4 Nxe4 13. Qe1 Bd6 14. g3 h5 15. Bf3 Nf6 16. Bg5 Nxd4 17. Rxd4 Bxf3 18. Qd2 Be5 19. Rd3 Be4 20. Re3 Bxc2 21. b3 Ne4 22. Qxb4 Nxg5 23. Rc1 h4 24. Re2 hxg3 25. fxg3 Nh3+ 26. Kf1 Qa7 27. Rexc2 Qg1+ 28. Ke2 Qxh2+ 29. Kd3 Qxg3+ 30. Kd2 Qf2+ 31. Kd3 Nf4+ 32. Ke4 d5+ 33. Kxe5 Rh5+ 34. Kd6 Rd8+ 35. Kc7 Qa7+ 36. Qb7 Rd7+ 37. Kc6 Qxb7+ 38. Kc5 d4+ 39. Kc4 Qb5# 0-1

[Event "GER-chT U14 Girls"]
[Site "Regensburg"]
[Date "2014.12.28"]
[Round "3.3"]
[White "Takeuchi, Alina"]
[Black "Hartmann, Katrin"]
[Result "0-1"]
[WhiteElo "920"]
[BlackElo "1097"]
[PlyCount "68"]
[EventDate "2014.12.27"]
[EventType "team-swiss"]
[EventRounds "7"]
[EventCountry "GER"]
[SourceTitle "EXT 2016"]
[Source "ChessBase"]
[SourceDate "2015.10.08"]
[SourceVersion "1"]
[SourceVersionDate "2015.10.08"]
[SourceQuality "1"]
[WhiteTeam "Duesseldorf"]
[BlackTeam "Riegelsberg"]
[WhiteTeamCountry "GER"]
[BlackTeamCountry "GER"]

1. e4 e5 2. d4 exd4 3. Qxd4 Nc6 4. Qe3 Nf6 5. Bd2 Be7 6. Nc3 d6 7. 0-0-0 Be6 8. h3 a5 9. Bb5 0-0 10. Bxc6 bxc6 11. Qg3 Kh8 12. Nge2 Qb8 13. e5 dxe5 14. Qxe5 a4 15. a3 Qb7 16. Nf4 Rfb8 17. Ne4 Bxa3 18. Bc3 Bd6 19. Nxd6 cxd6 20. Rxd6 Bc4 21. Qg5 Ne8 22. Rg6 fxg6 23. Re1 Qb5 24. Nxg6+ hxg6 25. Qh6+ Kg8 26. Rxe8+ Kf7 27. Qxg7+ Kxe8 28. Qxg6+ Kd7 29. g4 Qc5 30. f4 Qg1+ 31. Kd2 Qf2+ 32. Kc1 Qxf4+ 33. Kb1 Qf1+ 34. Be1 Qxe1# 0-1

[Event "GER-ch U10"]
[Site "Magdeburg"]
[Date "2014.06.14"]
[Round "11"]
[White "Hartmann, Katrin"]
[Black "Kunisch, Nina"]
[Result "0-1"]
[WhiteElo "1014"]
[BlackElo "1201"]
[PlyCount "162"]
[EventDate "2014.06.08"]
[EventType "swiss"]
[EventRounds "11"]
[EventCountry "GER"]
[SourceTitle "CBM 160 Extra"]
[Source "ChessBase"]
[SourceDate "2014.07.01"]
[SourceVersion "1"]
[SourceVersionDate "2014.07.01"]
[SourceQuality "1"]

1. e4 c6 2. Nf3 d5 3. exd5 cxd5 4. d4 Nc6 5. Nc3 Nf6 6. Bf4 Bg4 7. Nb5 Qa5+ 8. c3 Rc8 9. Bd3 a6 10. Na3 e6 11. Qb3 b5 12. 0-0 Bxf3 13. gxf3 Be7 14. Rae1 0-0 15. Bg5 Qc7 16. Qc2 g6 17. Kh1 Ng4 18. fxg4 Bxg5 19. Rg1 Qb8 20. Rg3 Nxd4 21. Qb1 Bh4 22. Rh3 Bxf2 23. Rf1 Nc6 24. Rxf2 Ne5 25. Be2 Qb7 26. Qc1 b4 27. Qh6 f6 28. cxb4 Rf7 29. g5 d4+ 30. Kg1 Rc1+ 31. Rf1 Rxf1+ 32. Bxf1 Nf3+ 33. Kf2 Nxg5 34. Rh4 Qf3+ 35. Ke1 Qe3+ 36. Kd1 Rc7 37. Nc4 Qg1 38. Nd2 Qe3 39. Rg4 Qe5 40. h4 Qf5 41. Rxd4 Nf7 42. Qe3 e5 43. Rc4 Rd7 44. Rc8+ Kg7 45. Bxa6 Qe6 46. Qa3 Qg4+ 47. Kc2 Qf5+ 48. Kc1 Qf4 49. Qc3 e4 50. Bb5 Rd6 51. Kc2 e3 52. Nc4 Qf5+ 53. Kb3 Qxc8 54. Nxd6 Nxd6 55. Qxc8 Nxc8 56. a4 Kf7 57. a5 Ke7 58. a6 Kd6 59. Be2 Kc6 60. b5+ Kb6 61. Kc4 Nd6+ 62. Kd4 Nf5+ 63. Ke4 Nxh4 64. Kxe3 Nf5+ 65. Kf3 Nd4+ 66. Ke3 Nxe2 67. Kxe2 h5 68. Kf3 h4 69. Kg4 g5 70. Kh3 f5 71. Kg2 g4 72. Kg1 h3 73. Kh2 f4 74. Kg1 g3 75. Kh1 f3 76. Kg1 h2+ 77. Kh1 f2 78. Kg2 h1Q+ 79. Kxg3 f1R 80. Kg4 Qg2+ 81. Kh4 Rh1# 0-1

[Event "GER-ch U10"]
[Site "Magdeburg"]
[Date "2014.06.13"]
[Round "9"]
[White "Ewerhardy, Moritz"]
[Black "Hartmann, Katrin"]
[Result "1-0"]
[WhiteElo "1190"]
[BlackElo "1014"]
[PlyCount "51"]
[EventDate "2014.06.08"]
[EventType "swiss"]
[EventRounds "11"]
[EventCountry "GER"]
[SourceTitle "CBM 160 Extra"]
[Source "ChessBase"]
[SourceDate "2014.07.01"]
[SourceVersion "1"]
[SourceVersionDate "2014.07.01"]
[SourceQuality "1"]

1. e4 e5 2. Nf3 Nc6 3. Bc4 Bc5 4. b4 Bxb4 5. c3 Ba5 6. d4 exd4 7. 0-0 dxc3 8. Qb3 Qe7 9. Nxc3 Nf6 10. Ba3 d6 11. e5 Ng4 12. Rae1 0-0 13. exd6 Qf6 14. Ne4 Qd8 15. Rd1 cxd6 16. Nxd6 Bc7 17. Nxf7 Qf6 18. Bxf8 Kxf8 19. N7g5 Qh6 20. h3 Nge5 21. Bg8 Qf6 22. Nxh7+ Ke8 23. Nxf6+ gxf6 24. Rfe1 Bd7 25. Qf7+ Kd8 26. Qf8# 1-0

[Event "GER-ch U10"]
[Site "Magdeburg"]
[Date "2014.06.13"]
[Round "10"]
[White "Hartmann, Katrin"]
[Black "Basovskiy, Jana"]
[Result "1-0"]
[WhiteElo "1014"]
[BlackElo "1157"]
[PlyCount "91"]
[EventDate "2014.06.08"]
[EventType "swiss"]
[EventRounds "11"]
[EventCountry "GER"]
[SourceTitle "CBM 160 Extra"]
[Source "ChessBase"]
[SourceDate "2014.07.01"]
[SourceVersion "1"]
[SourceVersionDate "2014.07.01"]
[SourceQuality "1"]

1. e4 e5 2. Nc3 c6 3. Nf3 d6 4. Bc4 Be7 5. d4 Nd7 6. 0-0 Ngf6 7. Bg5 0-0 8. Qd2 Qc7 9. Rfe1 a5 10. dxe5 dxe5 11. Re3 Rd8 12. Ne1 Nf8 13. Qe2 Be6 14. Rh3 Bxh3 15. gxh3 Ng6 16. Qf3 h6 17. Bxf6 Bxf6 18. Qg3 Qb6 19. Qxg6 Qc7 20. Qg3 Bg5 21. Nf3 Bf4 22. Qh4 Rd6 23. Rd1 Rf6 24. Kh1 b5 25. Bd3 Rg6 26. Rg1 Rxg1+ 27. Kxg1 Bc1 28. b3 Re8 29. Ne2 Ba3 30. Ng3 Re6 31. Nf5 Rg6+ 32. Kh1 Re6 33. Qg3 f6 34. c4 b4 35. c5 Kh7 36. N3h4 Kh8 37. Ng6+ Kh7 38. Nf8+ Kg8 39. Nxe6 Qf7 40. Bc4 Qa7 41. Nd8+ Kf8 42. Ne6+ Kg8 43. Nexg7+ Kf8 44. Ne6+ Ke8 45. Qg8+ Kd7 46. Qd8# 1-0

[Event "GER-ch U10"]
[Site "Magdeburg"]
[Date "2014.06.12"]
[Round "8"]
[White "Hartmann, Katrin"]
[Black "Popist, Florian"]
[Result "0-1"]
[WhiteElo "1014"]
[BlackElo "1245"]
[PlyCount "112"]
[EventDate "2014.06.08"]
[EventType "swiss"]
[EventRounds "11"]
[EventCountry "GER"]
[SourceTitle "CBM 160 Extra"]
[Source "ChessBase"]
[SourceDate "2014.07.01"]
[SourceVersion "1"]
[SourceVersionDate "2014.07.01"]
[SourceQuality "1"]

1. e4 c5 2. Nf3 e6 3. d4 cxd4 4. Nxd4 a6 5. Nc3 Qc7 6. Bd3 Nc6 7. Be3 Nf6 8. Nxc6 Qxc6 9. 0-0 Bb4 10. Qf3 Bxc3 11. bxc3 Qxc3 12. Rfd1 0-0 13. Qh3 Qe5 14. f4 Qh5 15. Qg3 Qg6 16. Qh3 Nxe4 17. Bc5 d6 18. Bxd6 Rd8 19. Be7 Re8 20. Ba3 e5 21. Qe3 Bf5 22. fxe5 Rxe5 23. Bb2 Ree8 24. Rf1 h6 25. Rae1 Rad8 26. Qf4 Qb6+ 27. Kh1 Nf2+ 28. Rxf2 Rxe1+ 29. Rf1 Rxf1+ 30. Qxf1 Bxd3 31. cxd3 Qxb2 32. Qe1 Rc8 33. h3 Rc1 34. Qxc1 Qxc1+ 35. Kh2 Qd2 36. d4 Qxd4 37. Kg3 g5 38. Kh2 Qe3 39. Kh1 Qg3 40. Kg1 f5 41. Kf1 f4 42. Ke2 Qxg2+ 43. Kd3 Qxh3+ 44. Kc4 Qa3 45. Kd5 Qxa2+ 46. Kd6 b5 47. Ke5 b4 48. Kf5 b3 49. Kg6 b2 50. Kxh6 b1R 51. Kxg5 Qd5+ 52. Kxf4 Rb4+ 53. Ke3 Re4+ 54. Kf3 Qf5+ 55. Kg2 Rg4+ 56. Kh3 Qh5# 0-1

[Event "GER-ch U10"]
[Site "Magdeburg"]
[Date "2014.06.10"]
[Round "5"]
[White "Ackermann, Richard"]
[Black "Hartmann, Katrin"]
[Result "0-1"]
[WhiteElo "1239"]
[BlackElo "1014"]
[PlyCount "38"]
[EventDate "2014.06.08"]
[EventType "swiss"]
[EventRounds "11"]
[EventCountry "GER"]
[SourceTitle "CBM 160 Extra"]
[Source "ChessBase"]
[SourceDate "2014.07.01"]
[SourceVersion "1"]
[SourceVersionDate "2014.07.01"]
[SourceQuality "1"]

1. e4 e5 2. Nf3 Nc6 3. Nc3 Nf6 4. Bb5 d6 5. d3 Bd7 6. Be3 a6 7. Bc4 Be7 8. 0-0 0-0 9. Qd2 Ng4 10. Rad1 Nxe3 11. Qxe3 Bg4 12. h3 Bxf3 13. Qxf3 Nd4 14. Qe3 Nxc2 15. Qd2 Nd4 16. Qe3 Bg5 17. f4 Bh6 18. g4 g6 19. g5 Bg7 0-1

[Event "GER-ch U10"]
[Site "Magdeburg"]
[Date "2014.06.09"]
[Round "4"]
[White "Hartmann, Katrin"]
[Black "Glinzner, Alva"]
[Result "1-0"]
[WhiteElo "1014"]
[BlackElo "1194"]
[PlyCount "143"]
[EventDate "2014.06.08"]
[EventType "swiss"]
[EventRounds "11"]
[EventCountry "GER"]
[SourceTitle "CBM 160 Extra"]
[Source "ChessBase"]
[SourceDate "2014.07.01"]
[SourceVersion "1"]
[SourceVersionDate "2014.07.01"]
[SourceQuality "1"]

1. e4 c6 2. d4 d5 3. exd5 cxd5 4. Nf3 Nc6 5. c4 Nf6 6. Nc3 Bg4 7. Bf4 e6 8. c5 b6 9. cxb6 Qxb6 10. Na4 Qb7 11. Be2 Bxf3 12. Bxf3 Qb4+ 13. Nc3 Qxb2 14. Ne2 Qb6 15. 0-0 Rd8 16. Re1 Bb4 17. Bd2 Bd6 18. Bg5 Be7 19. Bxf6 Bxf6 20. Nc3 Bxd4 21. Nxd5 Qb7 22. Rb1 Qd7 23. Nf4 0-0 24. Qc2 Rc8 25. Be4 g6 26. Red1 Rfd8 27. Nd3 Ne5 28. Nxe5 Rxc2 29. Nxd7 Bxf2+ 30. Kh1 Rcc8 31. Nf6+ Kg7 32. Rxd8 Rxd8 33. Ng4 f5 34. Nxf2 fxe4 35. Nxe4 Rd4 36. Ng3 e5 37. h3 e4 38. Re1 a5 39. Rxe4 Rxe4 40. Nxe4 Kf7 41. Kg1 Ke6 42. Kf2 Kd5 43. Ke3 Kc4 44. Kd2 Kb4 45. Kc2 Ka4 46. g4 Kb4 47. Nf6 h6 48. Ng8 h5 49. gxh5 gxh5 50. Nf6 h4 51. Nd5+ Kc4 52. Nf4 Kd4 53. Ng2 Ke4 54. Nxh4 Kf4 55. Kb3 Kg3 56. Ka4 Kxh3 57. Kxa5 Kxh4 58. Kb6 Kg4 59. a4 Kf5 60. a5 Ke6 61. a6 Kd6 62. a7 Ke7 63. a8Q Kd7 64. Qc6+ Ke7 65. Kc5 Kf7 66. Qd6 Kg7 67. Qe6 Kh7 68. Qg4 Kh6 69. Kd5 Kh7 70. Ke6 Kh8 71. Kf7 Kh7 72. Qh5# 1-0

[Event "GER-ch U10"]
[Site "Magdeburg"]
[Date "2014.06.08"]
[Round "1"]
[White "Hartmann, Katrin"]
[Black "Pantsernaya, Sofya"]
[Result "0-1"]
[WhiteElo "1014"]
[BlackElo "1320"]
[PlyCount "52"]
[EventDate "2014.06.08"]
[EventType "swiss"]
[EventRounds "11"]
[EventCountry "GER"]
[SourceTitle "CBM 160 Extra"]
[Source "ChessBase"]
[SourceDate "2014.07.01"]
[SourceVersion "1"]
[SourceVersionDate "2014.07.01"]
[SourceQuality "1"]

1. e4 d5 2. exd5 Nf6 3. Nf3 Nxd5 4. Bc4 Bg4 5. h3 Bh5 6. g4 Bg6 7. Nc3 e6 8. d3 Bc5 9. Nxd5 exd5 10. Bb3 Nd7 11. Bxd5 c6 12. Bb3 0-0 13. Be3 Re8 14. Qd2 Qf6 15. Qe2 Qxb2 16. Rc1 Bxe3 17. fxe3 Qxc1+ 18. Qd1 Qxe3+ 19. Kf1 Ne5 20. Nxe5 Rxe5 21. h4 Rae8 22. h5 Qf4+ 23. Kg2 Re2+ 24. Kh3 R8e3+ 25. Kh4 Qf6+ 26. g5 Qf4# 0-1

[Event "Saarland-ch B 89th"]
[Site "Stennweiler"]
[Date "2014.04.13"]
[Round "3"]
[White "Hartmann, Katrin"]
[Black "Schumacher, Simon"]
[Result "0-1"]
[WhiteElo "1071"]
[BlackElo "1146"]
[PlyCount "104"]
[EventDate "2014.04.11"]
[EventType "swiss"]
[EventRounds "9"]
[EventCountry "GER"]
[SourceTitle "EXT 2016"]
[Source "ChessBase"]
[SourceDate "2015.10.08"]
[SourceVersion "1"]
[SourceVersionDate "2015.10.08"]
[SourceQuality "1"]

1. e4 d6 2. d4 Nf6 3. Nc3 g6 4. Be3 Bg7 5. Bd3 e5 6. dxe5 dxe5 7. Qd2 0-0 8. 0-0-0 Re8 9. Bh6 Nc6 10. Bxg7 Kxg7 11. Nge2 Be6 12. f3 Nb4 13. Bb5 Qxd2+ 14. Rxd2 c6 15. a3 cxb5 16. axb4 a6 17. Rhd1 Rac8 18. Rd6 Rc6 19. Rxc6 bxc6 20. Rd6 Rc8 21. Kd2 Kf8 22. Nc1 Ke7 23. Rd3 Nh5 24. g4 Nf4 25. Re3 Rd8+ 26. Nd3 Nxd3 27. Rxd3 Rxd3+ 28. Kxd3 Bc4+ 29. Ke3 Kd6 30. b3 Be6 31. Kd3 c5 32. bxc5+ Kxc5 33. Na2 h5 34. h3 f5 35. gxf5 gxf5 36. exf5 Bxf5+ 37. Kc3 Bxh3 38. b4+ Kd5 39. Nc1 Bg2 40. Ne2 Bxf3 41. Ng1 Bg4 42. Kd2 Kd4 43. c3+ Ke4 44. Ke1 Kd3 45. c4 bxc4 46. Kf2 c3 47. Ne2 Bxe2 48. Kg3 c2 49. Kh4 c1Q 50. Kh3 Qg1 51. b5 Bf1+ 52. Kh4 Qg4# 0-1

[Event "GER-ch U10"]
[Site "Oberhof"]
[Date "2013.05.23"]
[Round "8"]
[White "Hartmann, Katrin"]
[Black "Sinnhoefer, Lilian"]
[Result "1-0"]
[WhiteElo "975"]
[BlackElo "875"]
[PlyCount "61"]
[EventDate "2013.05.19"]
[EventType "swiss"]
[EventRounds "11"]
[EventCountry "GER"]
[SourceTitle "CBM 154 Extra"]
[Source "ChessBase"]
[SourceDate "2013.06.25"]
[SourceVersion "2"]
[SourceVersionDate "2013.06.25"]
[SourceQuality "1"]

1. e4 e5 2. Nf3 Nc6 3. Bc4 Bc5 4. d3 Be7 5. Be3 d6 6. Nc3 Bg4 7. h3 Bh5 8. 0-0 Nf6 9. Ne2 Bxf3 10. gxf3 0-0 11. f4 Na5 12. fxe5 dxe5 13. f4 Nxc4 14. dxc4 Nxe4 15. fxe5 Nc5 16. Qe1 Qd7 17. Kh2 Qe6 18. Rg1 Qxe5+ 19. Bf4 Qxb2 20. Qg3 Bf6 21. Rgc1 Qb4 22. Rab1 Qxc4 23. Ng1 Qxa2 24. Bxc7 Bb2 25. Re1 Bf6 26. Qf2 b6 27. Bd6 Ne6 28. Bxf8 Kxf8 29. Qg2 Nd4 30. Qxa8+ Bd8 31. Qxd8# 1-0